LDR 00757naa#a2200181#i#450# 001 EN\\bibl\122525 005 20260607200055.7 011 ## _a2413-046X 100 ## _a20260527b2026####ek#y0engy0150####ca 102 ## _aRU 200 1# _aTHE IMPACT OF DIGITAL TECHNOLOGIES ON THE SPATIAL DEVELOPMENT OF RURAL AGGLOMERATIONS _eJournal article 210 1# _aMoscow _cElectronic science _d2026 215 ## _a12 с. 608 ## _aJournal article _2local 675 ## _aРегиональная экономика. Территориальная экономика. 332.1 _aЭкономика сельского хозяйства. Продовольственный комплекс. 338.43 _z 700 #1 _aGrin _gDaniil Mikhailovich 700 #1 _aTaranova _gIrina Viktorovna 856 4# _aiacj.ru _u